[Event "Olomouc Chess Summer 2023 - D2"]
[Site "Olomouc (CZE), Hotel Flora"]
[Date "2023.08.17"]
[Round "7"]
[Board "12"]
[White "Burda, Josef"]
[Black "Sveda, Jiri"]
[Result "0-1"]
[WhiteElo "1773"]
[BlackElo "1880"]
[PlyCount "0"]
[EventDate "2023.08.12"]
[EventRounds "9"]
[EventCountry "CZE"]

1. c4 f5 2. d4 e6 3. Nc3 Nf6 4. g3 c6 5. Bg2 d5 6. Nf3 Bd6 7. b3 O-O 8. O-O Bd7 9.
Ne5 Be8 10. f3 Bh5 11. Qd3 Na6 12. Bb2 Qe7 13. e4 dxe4 14. fxe4 Rad8 15. Nf3 Nc5
16. Qc2 Ncxe4 17. Ne5 Bxe5 18. dxe5 Rd2  0-1

[Event "Olomouc Chess Summer 2023 - D2"]
[Site "Olomouc (CZE), Hotel Flora"]
[Date "2023.08.17"]
[Round "7"]
[Board "13"]
[White "Musil, Vitezslav"]
[Black "Svub, Jan"]
[Result "1/2-1/2"]
[WhiteElo "1871"]
[BlackElo "1770"]
[PlyCount "0"]
[EventDate "2023.08.12"]
[EventRounds "9"]
[EventCountry "CZE"]

1. e4 d5 2. Nc3 d4 3. Nce2 c5 4. d3 e5 5. f4 exf4 6. Bxf4 Nc6 7. Nf3 Bg4 8. h3 Bxf3
9. gxf3 Bd6 10. Bxd6 Qxd6 11. Qd2 Ne5 12. Bg2 f6 13. O-O-O O-O-O 14. f4 Nc6 15. Bf3
Nge7 16. h4 Kb8 17. h5 g6 18. Kb1 Rhg8 19. hxg6 hxg6 20. Rh7 Rh8 21. Rdh1 Rxh7 22.
Rxh7 Rg8 23. a3 Qe6 24. b3 g5 25. fxg5 fxg5 26. Kb2 Qg6 27. Rh1 Ne5 28. Bh5 Qf6 29.
Ng3 Qf4 30. Qg2 g4 31. Rf1 Qg5 32. Bf7 Rf8 33. Be6 Rxf1 34. Qxf1 Nf3 35. Qh1 Qd2
36. Qc1 Qxc1+ 37. Kxc1 Ne5 38. Kd2 Kc7 39. c3 dxc3+ 40. Kxc3 Kd6 41. Bc4 Nf3 42.
b4 b6 43. bxc5+ bxc5 44. Bb5 Ne5 45. d4 cxd4+ 46. Kxd4 N5c6+ 47. Ke3 Ke5  1/2-1/2

[Event "Olomouc Chess Summer 2023 - D2"]
[Site "Olomouc (CZE), Hotel Flora"]
[Date "2023.08.17"]
[Round "7"]
[Board "14"]
[White "Mikulka, Jan"]
[Black "Dvorak, Vladimir"]
[Result "0-1"]
[WhiteElo "1747"]
[BlackElo "1864"]
[PlyCount "0"]
[EventDate "2023.08.12"]
[EventRounds "9"]
[EventCountry "CZE"]

1. e4 e6 2. d4 d5 3. Nd2 Be7 4. Ngf3 Nf6 5. Bd3 c5 6. Bb5+ Nc6 7. exd5 exd5 8. dxc5
Bxc5 9. O-O O-O 10. Nb3 Bb6 11. Bg5 Be6 12. Nbd4 Rc8 13. Bxc6 bxc6 14. Ne5 c5 15.
Nxe6 fxe6 16. Ng4 Qd7 17. Nxf6+ gxf6 18. Bh6 Rf7 19. Qg4+ Kh8 20. Rfe1 e5 21. Qxd7
Rxd7 22. c3 Kg8 23. h4 Kf7 24. h5 d4 25. cxd4 cxd4 26. Kf1 Rc2 27. b3 d3 28. Be3
Bxe3 29. fxe3 e4 30. a3 f5 31. b4 Kf6 32. Rac1 Rdc7 33. Rxc2 Rxc2  0-1

[Event "Olomouc Chess Summer 2023 - D2"]
[Site "Olomouc (CZE), Hotel Flora"]
[Date "2023.08.17"]
[Round "7"]
[Board "15"]
[White "Fiala, Jiri"]
[Black "Lang, Gusztav"]
[Result "1/2-1/2"]
[WhiteElo "1836"]
[BlackElo "1743"]
[PlyCount "0"]
[EventDate "2023.08.12"]
[EventRounds "9"]
[EventCountry "CZE"]

1. d4 d5 2. Nf3 Nf6 3. Bf4 Bf5 4. e3 e6 5. Be2 h6 6. Nbd2 Nh5 7. Be5 Nd7 8. Bd3 Bxd3
9. cxd3 Nhf6 10. Bg3 Be7 11. Ne5 O-O 12. O-O c5 13. Nxd7 Qxd7 14. dxc5 Bxc5 15. d4
Bd6 16. Bxd6 Qxd6 17. Qb3 b6 18. h3 Rfc8 19. Rac1 Rc7 20. Rxc7  1/2-1/2

[Event "Olomouc Chess Summer 2023 - D2"]
[Site "Olomouc (CZE), Hotel Flora"]
[Date "2023.08.17"]
[Round "7"]
[Board "16"]
[White "Lexa, Vaclav"]
[Black "Lepik, Jaroslav"]
[Result "1-0"]
[WhiteElo "1767"]
[BlackElo "1830"]
[PlyCount "0"]
[EventDate "2023.08.12"]
[EventRounds "9"]
[EventCountry "CZE"]

1. d4 Nf6 2. c4 e6 3. Nc3 Bb4 4. Qc2 b6 5. Bg5 Bb7 6. a3 Bxc3+ 7. Qxc3 h6 8. Bh4
d6 9. Nf3 Nbd7 10. Nd2 c5 11. e4 Nxe4 12. Nxe4 Qxh4 13. Nxd6+ Ke7 14. Nxb7 Qe4+ 15.
Be2 cxd4 16. Qb4+ Kf6 17. Nd6 Qxg2 18. O-O-O Qc6 19. Nb5 Nc5 20. Nxd4 Qc7 21. Qc3
Ke7 22. Qg3 Qxg3 23. fxg3 Ne4 24. Nc6+ Ke8 25. Rd4 Nc5 26. Kc2 Rc8 27. Rhd1 Nb7 28.
Nxa7 Rd8 29. Rxd8+ Nxd8 30. Rd6  1-0

[Event "Olomouc Chess Summer 2023 - D2"]
[Site "Olomouc (CZE), Hotel Flora"]
[Date "2023.08.18"]
[Round "8"]
[Board "2"]
[White "Lorenc, Oldrich"]
[Black "Mlynek, Petr"]
[Result "1/2-1/2"]
[WhiteElo "2043"]
[BlackElo "1973"]
[PlyCount "0"]
[EventDate "2023.08.12"]
[EventRounds "9"]
[EventCountry "CZE"]

1. e4 c6 2. d4 d5 3. exd5 cxd5 4. Bf4 Nc6 5. c3 Nf6 6. Bd3 Bg4 7. Qb3 Qd7 8. Ne2
Bxe2 9. Bxe2 e6 10. O-O Bd6 11. Bxd6 Qxd6 12. Qa3 Qxa3 13. Nxa3 O-O 14. Bd3 a6 15.
Nc2 Rfc8 16. Rfe1  1/2-1/2

[Event "Olomouc Chess Summer 2023 - D2"]
[Site "Olomouc (CZE), Hotel Flora"]
[Date "2023.08.18"]
[Round "8"]
[Board "3"]
[White "Novotny, Jaroslav"]
[Black "Glatt, Gabor"]
[Result "0-1"]
[WhiteElo "1919"]
[BlackElo "2220"]
[PlyCount "0"]
[EventDate "2023.08.12"]
[EventRounds "9"]
[EventCountry "CZE"]

1. e4 e5 2. Nf3 d6 3. d4 Nd7 4. Bc4 c6 5. O-O Be7 6. Re1 Ngf6 7. Nc3 O-O 8. a4 a5
9. h3 Nb6 10. Bb3 Nfd7 11. Be3 Qc7 12. Qe2 exd4 13. Nxd4 Nc5 14. Ba2 Nbxa4 15. Nxa4
Nxa4 16. Bxf7+ Rxf7 17. Rxa4 b5 18. Raa1 Bd7 19. c3 Qb7 20. f3 a4 21. Nc2 Be6 22.
Qd2 Re8 23. Bg5 Bf8 24. Nb4 Qd7 25. Re3 Bc4 26. Ree1 Ra8 27. Be3 Qb7 28. Kh1 Rd7
29. Red1 Bb3 30. Re1 d5 31. exd5 c5 32. Nc2 Rxd5 33. Qf2 Qd7 34. Rac1 Rc8 35. g4
Rd3 36. Bf4 Qf7 37. Be3 Be7 38. Kg2 Rdd8 39. Rcd1 Rxd1 40. Rxd1 b4 41. Rd7 Qe6 42.
Rd2 bxc3 43. bxc3 Qc4 44. Rd7 Bf6 45. Na3 Qxc3 46. Nb5 Qb2 47. Na7 Re8 48. Rd2 Qc3
49. Bxc5 Bg5 50. Rd7 Qc4 51. Qd4 Qc2+ 52. Kg3 Bf6 53. Qd2 Qxc5  0-1

[Event "Olomouc Chess Summer 2023 - D2"]
[Site "Olomouc (CZE), Hotel Flora"]
[Date "2023.08.18"]
[Round "8"]
[Board "4"]
[White "Kudrlicka, Ladislav"]
[Black "Heppell, Ian N"]
[Result "1-0"]
[WhiteElo "1993"]
[BlackElo "1946"]
[PlyCount "0"]
[EventDate "2023.08.12"]
[EventRounds "9"]
[EventCountry "CZE"]

1. d4 d6 2. Nf3 f5 3. Nc3 Nf6 4. Bg5 Nbd7 5. h4 e6 6. e3 Be7 7. Bc4 d5 8. Be2 O-O
9. Bf4 c6 10. g3 b5 11. O-O b4 12. Na4 Ne4 13. c3 bxc3 14. Nxc3 Nxc3 15. bxc3 Qa5
16. c4 h6 17. c5 Ba6 18. Bxa6 Qxa6 19. Qb3 g5 20. hxg5 hxg5 21. Bxg5 Bxg5 22. Nxg5
Rab8 23. Qd1 Rf6 24. Qh5 Nf8 25. Rab1 Qc8 26. Kg2 Qe8 27. Qxe8 Rxe8 28. Rb7 Rg6 29.
Nf3 Rg7 30. Rxg7+ Kxg7 31. Ne5 Rc8 32. Rb1 Rc7 33. a4 Ng6 34. Nxg6 Kxg6 35. a5 Kf7
36. a6 Ke7 37. Rb7 Kd7 38. Rxc7+ Kxc7 39. Kf3  1-0

[Event "Olomouc Chess Summer 2023 - D2"]
[Site "Olomouc (CZE), Hotel Flora"]
[Date "2023.08.18"]
[Round "8"]
[Board "5"]
[White "Spanton, Tim R"]
[Black "Bartos, Alois"]
[Result "0-1"]
[WhiteElo "1858"]
[BlackElo "1884"]
[PlyCount "0"]
[EventDate "2023.08.12"]
[EventRounds "9"]
[EventCountry "CZE"]

1. d4 Nf6 2. Nc3 d5 3. Bg5 c5 4. e4 Nxe4 5. Nxe4 dxe4 6. dxc5 Qa5+ 7. Qd2 Qxd2+ 8.
Bxd2 e5 9. b4 a5 10. c3 Bf5 11. Ne2 Be7 12. Ng3 Bg6 13. Bb5+ Nc6 14. O-O O-O 15.
Rfd1 Rfd8 16. Bc4 Rd7 17. Be1 Rad8 18. Rxd7 Rxd7 19. Bb5 Kf8 20. Ba4 Rd8 21. Rd1
Rxd1 22. Bxd1 Ke8 23. b5 Nb8 24. c4 Bxc5 25. Bxa5 e3 26. fxe3 Bxe3+ 27. Kf1 Kd7 28.
Bg4+ Kd6 29. Nf5+ Bxf5 30. Bxf5 g6 31. Bd3 Nd7 32. Ke2 Bg1 33. h3 Kc5 34. a3 f5 35.
Kd2 e4 36. Be2 b6 37. Bb4+ Kd4 38. a4 f4 39. a5 bxa5 40. Bxa5 Kc5 41. Kc3 Bf2 42.
Bb4+ Kb6 43. Be7 Be3 44. Bg5 Kc5 45. Bg4 Ne5 46. Be7+ Kb6 47. Bd8+ Kc5 48. Be6 Bd4+
49. Kd2 Nxc4+ 50. Bxc4 Kxc4 51. b6 Kb5 52. b7 Be5 53. Bf6 Bb8 54. Kc3 Kc6 55. Kd4
e3 56. Kd3 Kxb7 57. g3 fxg3 58. Kxe3 Kc6 59. Kf3 Kd5 60. Bh4 Ke6 61. Bxg3 Bxg3 62.
Kxg3 Kf5 63. h4 h6 64. Kf3 h5 65. Kg3 Ke5  0-1

[Event "Olomouc Chess Summer 2023 - D2"]
[Site "Olomouc (CZE), Hotel Flora"]
[Date "2023.08.18"]
[Round "8"]
[Board "6"]
[White "Becvar, Miroslav"]
[Black "Briza, Jiri"]
[Result "1/2-1/2"]
[WhiteElo "1841"]
[BlackElo "1830"]
[PlyCount "0"]
[EventDate "2023.08.12"]
[EventRounds "9"]
[EventCountry "CZE"]

1. e4 e5 2. Nf3 Nc6 3. Bb5 a6 4. Ba4 Nf6 5. O-O b5 6. Bb3 Be7 7. Re1 O-O 8. c3 d6
9. h3 Na5 10. Bc2 c5 11. d4  1/2-1/2

[Event "Olomouc Chess Summer 2023 - D2"]
[Site "Olomouc (CZE), Hotel Flora"]
[Date "2023.08.18"]
[Round "8"]
[Board "7"]
[White "Sysala, Stanislav"]
[Black "Groh, Jiri"]
[Result "1-0"]
[WhiteElo "1690"]
[BlackElo "2004"]
[PlyCount "0"]
[EventDate "2023.08.12"]
[EventRounds "9"]
[EventCountry "CZE"]

1. Nf3 Nf6 2. c4 e6 3. Nc3 d5 4. d4 Be7 5. e3 O-O 6. Bd3 b6 7. cxd5 exd5 8. O-O Bb7
9. b3 Nbd7 10. Bb2 c5 11. a4 a5 12. Rc1 h6 13. h3 Ne4 14. Ne5 cxd4 15. exd4 Bf6 16.
Nb5 Bxe5 17. dxe5 Ndc5 18. Bxe4 dxe4 19. Ba3 Qg5 20. Nd6 Ba6 21. Re1 Qxe5 22. Bxc5
bxc5 23. Rxe4 Qf6 24. Rxc5 Rad8 25. Rd5 Qb2 26. Rxa5 Bc8 27. Rd4 Be6 28. b4 Rd7 29.
Qd2 Qa1+ 30. Kh2 Rfd8 31. Ra6 Qf1 32. Rb6 Qa1 33. a5 Ra8 34. f4 g6 35. Rb7 Rdd8 36.
Qe3 Qb2 37. Qe5 Qf2 38. Qf6 Rf8 39. Ne4 Qe3 40. Qe5 Qb3 41. Nf6+ Kh8 42. Nh5+ f6
43. Nxf6  1-0

[Event "Olomouc Chess Summer 2023 - D2"]
[Site "Olomouc (CZE), Hotel Flora"]
[Date "2023.08.18"]
[Round "8"]
[Board "8"]
[White "Sveda, Jiri"]
[Black "Lexa, Vaclav"]
[Result "1/2-1/2"]
[WhiteElo "1880"]
[BlackElo "1767"]
[PlyCount "0"]
[EventDate "2023.08.12"]
[EventRounds "9"]
[EventCountry "CZE"]

1. e4 c6 2. c4 d5 3. exd5 cxd5 4. cxd5 Nf6 5. Bb5+ Bd7 6. Qb3 a6 7. Bxd7+ Qxd7 8.
Nc3 Qc7 9. d4 Nbd7 10. Nge2 Rc8 11. O-O Qb6 12. Qa4 e6 13. dxe6 Qxe6 14. Nf4 Qc4
15. Re1+ Kd8 16. Qxc4 Rxc4 17. Be3 Bb4 18. Rec1 Bxc3 19. Rxc3 Rxc3 20. bxc3 b5 21.
a4 Ke7 22. axb5 axb5 23. f3 g5 24. Nd3 h6 25. Ra7 Rc8 26. Nc5 Kd6 27. Nxd7 Nxd7 28.
Bd2 f6 29. Kf2 h5 30. h3 Nb6 31. Ra6 Rc6 32. Ke2 Kd5 33. Kd3 Re6 34. g4 hxg4 35.
hxg4 Kc6 36. Ra7 Nc4 37. Rf7 Nb2+ 38. Kc2 Nc4 39. Kd3 Nb2+ 40. Kc2  1/2-1/2

[Event "Olomouc Chess Summer 2023 - D2"]
[Site "Olomouc (CZE), Hotel Flora"]
[Date "2023.08.18"]
[Round "8"]
[Board "9"]
[White "Dvorak, Vladimir"]
[Black "Kalveus, Jan"]
[Result "1/2-1/2"]
[WhiteElo "1864"]
[BlackElo "1806"]
[PlyCount "0"]
[EventDate "2023.08.12"]
[EventRounds "9"]
[EventCountry "CZE"]

1. e4 e6 2. d4 d5 3. Nc3 Bb4 4. Nge2 Nf6 5. Bg5 Be7 6. Bxf6 Bxf6 7. Qd2 c6 8. Rd1
Nd7 9. g3 Nf8 10. Bg2 Ng6 11. Qe3 Be7 12. f4 Qb6 13. f5 exf5 14. exd5 O-O 15. O-O
Bd7 16. Kh1 Rfe8 17. Qd3 c5 18. d6 Bf6 19. Nd5 Qxd6 20. dxc5 Qxc5 21. Nxf6+ gxf6
22. Nc3 Be6 23. Nd5 Kg7 24. c4 Ne5 25. Qc3 Qxc4 26. Qxc4 Nxc4 27. Nc7 Rec8 28. Nxa8
Ne3 29. Bxb7 Rb8 30. Bf3 Nxf1 31. Rxf1 Rxb2 32. a4  1/2-1/2

[Event "Olomouc Chess Summer 2023 - D2"]
[Site "Olomouc (CZE), Hotel Flora"]
[Date "2023.08.18"]
[Round "8"]
[Board "10"]
[White "Chubar, Vladimir"]
[Black "Mayer, Josef"]
[Result "1/2-1/2"]
[WhiteElo "1781"]
[BlackElo "1846"]
[PlyCount "0"]
[EventDate "2023.08.12"]
[EventRounds "9"]
[EventCountry "CZE"]

1. d4 Nf6 2. Nf3 g6 3. Bg5 Bg7 4. Nbd2 O-O 5. e4 d6 6. c3 Nbd7 7. Bc4 e5 8. dxe5
Nxe5 9. Nxe5 dxe5 10. O-O Qe7 11. Qb3 c6 12. a4 b6 13. Rfd1 Bb7 14. Nf1 Rad8 15.
Ne3 Rxd1+ 16. Rxd1 Qc7 17. Bxf6 Bxf6 18. Rd3 a6 19. Qd1 Bc8 20. h3 b5 21. axb5 axb5
22. Bb3 Be7 23. Qf3 Kg7 24. g4 Bh4 25. Kh1 Be6 26. c4 bxc4 27. Bxc4 Bxc4 28. Nxc4
Rd8 29. Kg2 Rxd3 30. Qxd3 Qa7 31. Ne3 Bg5 32. Nc4 Bh4 33. Ne3 Bg5 34. Nd1 Qd4 35.
Qe2 Bd8 36. Qc2 Bg5 37. Kf3 Kf8 38. Nc3 Bh4  1/2-1/2

[Event "Olomouc Chess Summer 2023 - D2"]
[Site "Olomouc (CZE), Hotel Flora"]
[Date "2023.08.18"]
[Round "8"]
[Board "11"]
[White "Lang, Gusztav"]
[Black "Pesek, Petr"]
[Result "1-0"]
[WhiteElo "1743"]
[BlackElo "1927"]
[PlyCount "0"]
[EventDate "2023.08.12"]
[EventRounds "9"]
[EventCountry "CZE"]

1. e4 Nf6 2. e5 Nd5 3. d4 d6 4. exd6 exd6 5. c4 Nf6 6. Nc3 Be7 7. Nf3 Bg4 8. Be2
O-O 9. O-O Re8 10. Be3 d5 11. h3 Be6 12. c5 c6 13. b4 h6 14. Bd3 Nbd7 15. Qa4 a6
16. Rad1 Qc7 17. Qc2 Bf8 18. Rfe1 Be7 19. a4 Kh8 20. Qd2 Ng8 21. Bf4 Qc8 22. Bb1
Ndf6 23. Qd3 g6 24. g4 Bf8 25. Ne5 Ne7 26. Re2 Neg8 27. Rde1 Ne7 28. f3 Nd7 29. h4
Nxe5 30. Bxe5+ Bg7 31. h5 Qd7 32. Qe3 Bxe5 33. Qxh6+ Kg8 34. Rxe5 Qc7 35. Kg2  1-0

[Event "Olomouc Chess Summer 2023 - D2"]
[Site "Olomouc (CZE), Hotel Flora"]
[Date "2023.08.18"]
[Round "8"]
[Board "12"]
[White "Green, Per"]
[Black "Kulhavy, Frantisek"]
[Result "1-0"]
[WhiteElo "1919"]
[BlackElo "1801"]
[PlyCount "0"]
[EventDate "2023.08.12"]
[EventRounds "9"]
[EventCountry "CZE"]

1. Nf3 Nf6 2. g3 e6 3. Bg2 d5 4. d4 c5 5. c4 cxd4 6. Nxd4 Bb4+ 7. Bd2 Bxd2+ 8. Qxd2
Nc6 9. cxd5 Nxd4 10. Qxd4 exd5 11. Nc3 Be6 12. O-O Qa5 13. b4 Qb6 14. Rfd1 Rd8 15.
Rac1 O-O 16. a4 Qxd4 17. Rxd4 Rd7 18. Na2 Rfd8 19. b5 Kf8 20. Nb4 Ke7 21. a5 Rd6
22. a6 Bc8 23. Rc7+ R6d7 24. Rxd7+ Bxd7 25. axb7 Bxb5 26. Nxd5+ Nxd5 27. Rxd5  1-0

[Event "Olomouc Chess Summer 2023 - D2"]
[Site "Olomouc (CZE), Hotel Flora"]
[Date "2023.08.18"]
[Round "8"]
[Board "13"]
[White "Marek, Jiri"]
[Black "Titera, Libor"]
[Result "1/2-1/2"]
[WhiteElo "1890"]
[BlackElo "1760"]
[PlyCount "0"]
[EventDate "2023.08.12"]
[EventRounds "9"]
[EventCountry "CZE"]

1. e4 e6 2. d4 d5 3. Nc3 Bb4 4. Nge2 dxe4 5. a3 Bxc3+ 6. Nxc3 Nf6 7. Bg5 h6 8. Bh4
Nc6 9. Bb5 Bd7 10. O-O Qe7 11. d5 Ne5 12. dxe6 Qxe6 13. Bxf6 Qxf6 14. Bxd7+ Nxd7
15. Re1 O-O-O 16. Rxe4 Rhe8 17. Qe2 Rxe4 18. Qxe4 Nb6 19. Re1 g6 20. Qe3 h5 21. g3
Kb8 22. b3 a6 23. a4 h4 24. Qe7 Qxe7 25. Rxe7 hxg3 26. fxg3 Nd5 27. Nxd5 Rxd5 28.
Rxf7 Rd1+ 29. Kg2 Kc8 30. h4 b5 31. axb5 axb5 32. g4 c5 33. h5 gxh5 34. gxh5 Rd2+
35. Rf2 Rd5 36. h6 Rg5+ 37. Kf1 Rh5 38. Rf6 Kc7 39. Kg2 c4 40. bxc4 bxc4 41. c3 Kd7
42. Kg3 Kc7 43. Kg4 Rh1 44. Rf3 Rxh6 45. Rf4 Rc6 46. Kf3 Kb6 47. Ke4 Rd6 48. Ke5
Kc5 49. Rxc4+  1/2-1/2

[Event "Olomouc Chess Summer 2023 - D2"]
[Site "Olomouc (CZE), Hotel Flora"]
[Date "2023.08.18"]
[Round "8"]
[Board "14"]
[White "Brousek, Jiri"]
[Black "Musil, Vitezslav"]
[Result "1-0"]
[WhiteElo "1792"]
[BlackElo "1871"]
[PlyCount "0"]
[EventDate "2023.08.12"]
[EventRounds "9"]
[EventCountry "CZE"]

1. d4 Nf6 2. Nf3 g6 3. Nc3 d5 4. Bf4 Bg7 5. e3 O-O 6. Be2 b6 7. Ne5 Bb7 8. h4 Nfd7
9. h5 Nxe5 10. Bxe5 f6 11. Bg3 Kf7 12. Bd3 f5 13. Qf3 e6 14. O-O-O c6 15. hxg6+ hxg6
16. Rh7 Rh8 17. Rxg7+ Kxg7 18. Be5+ Kf7 19. g4 Nd7 20. Bxh8 Qxh8 21. gxf5 exf5 22.
Rh1 Qg7 23. e4 dxe4 24. Nxe4 Qxd4 25. Rh7+ Ke8 26. Ng5 Qe5 27. c3 Rb8 28. Nf7 Qe1+
29. Kc2 Ba8 30. Qf4 Qe6 31. Rh8+ Kxf7 32. Rxb8  1-0

[Event "Olomouc Chess Summer 2023 - D2"]
[Site "Olomouc (CZE), Hotel Flora"]
[Date "2023.08.18"]
[Round "8"]
[Board "15"]
[White "Svub, Jan"]
[Black "Fiala, Jiri"]
[Result "1-0"]
[WhiteElo "1770"]
[BlackElo "1836"]
[PlyCount "0"]
[EventDate "2023.08.12"]
[EventRounds "9"]
[EventCountry "CZE"]

1. d4 Nf6 2. c4 e6 3. Nf3 b6 4. g3 Bb7 5. Bg2 Bb4+ 6. Nbd2 O-O 7. O-O Be7 8. Qc2
d5 9. b3 Nbd7 10. Bb2 h6 11. Rac1 c5 12. cxd5 exd5 13. Rfd1 Rc8 14. Qb1 Re8 15. e3
b5 16. dxc5 Bxc5 17. Qa1 Qe7 18. Nd4 a6 19. Nf5 Qf8 20. Nxh6+ Kh7 21. Nf5 Ba3 22.
Qb1 g6 23. Nd4 Bxb2 24. Qxb2 Qe7 25. Rxc8 Rxc8 26. Rc1 Rxc1+ 27. Qxc1 Qd6 28. Qc2
Ne5 29. N2f3 Nxf3+ 30. Bxf3 Ne4 31. Bg2 b4 32. Ne2 Qe5 33. Nd4 Qd6 34. Bf1 Nc3 35.
a3 a5 36. axb4 axb4 37. h3 Ba6 38. Bxa6 Qxa6 39. Kg2 Kg7 40. Qd2 Qf6 41. Nf3 Qd6
42. Qd4+ Kg8 43. Qe5 Qxe5 44. Nxe5 Kf8 45. Kf1 Na2 46. Nd3 Ke7 47. Ke1 Kd6 48. Kd2
f6 49. Kc2 g5 50. h4 gxh4 51. gxh4 Ke6 52. Nf4+ Kf5 53. Nxd5 Kg4 54. Kb2 Kxh4 55.
Kxa2 Kg4 56. Nxf6+ Kf3 57. Nd5  1-0

[Event "Olomouc Chess Summer 2023 - D2"]
[Site "Olomouc (CZE), Hotel Flora"]
[Date "2023.08.18"]
[Round "8"]
[Board "16"]
[White "Fiser, Jiri"]
[Black "Svec, Ludek"]
[Result "1-0"]
[WhiteElo "1821"]
[BlackElo "1599"]
[PlyCount "0"]
[EventDate "2023.08.12"]
[EventRounds "9"]
[EventCountry "CZE"]

1. e4 c5 2. Nf3 e6 3. c4 Nc6 4. d4 cxd4 5. Nxd4 Nf6 6. Nc3 Bb4 7. Qd3 d5 8. Nxc6
bxc6 9. e5 Ne4 10. Bd2 Nxd2 11. Qxd2 O-O 12. a3 Ba5 13. O-O-O Ba6 14. c5 Bxf1 15.
Rhxf1 Bxc3 16. Qxc3 Qg5+ 17. f4 Qxg2 18. h4 h6 19. Qe3 Rab8 20. Rf2 Qg6 21. Qf3 Rb7
22. Rg2 Qf5 23. Re1 Rfb8 24. Qg3 f6 25. exf6 Qxf6 26. Re5 Rb3 27. Qg4 Rf8 28. Rf2
Rbb8 29. Qxe6+ Qxe6 30. Rxe6 Rbc8 31. Kd2 Rfe8 32. Rfe2 Kf7 33. f5 Rxe6 34. Rxe6
h5 35. Kd3 Rc7 36. b4 a6 37. Kd4 Rc8 38. Rg6 Rc7 39. Ke5 Re7+ 40. Kd6 Re4 41. Kxc6
d4 42. Kb7  1-0

[Event "Olomouc Chess Summer 2023 - D2"]
[Site "Olomouc (CZE), Hotel Flora"]
[Date "2023.08.19"]
[Round "9"]
[Board "1"]
[White "Mlynek, Petr"]
[Black "Kubicek, Antonin"]
[Result "1-0"]
[WhiteElo "1973"]
[BlackElo "2068"]
[PlyCount "0"]
[EventDate "2023.08.12"]
[EventRounds "9"]
[EventCountry "CZE"]

1. d4 Nf6 2. c4 g6 3. Nf3 Bg7 4. g3 c6 5. Bg2 Qa5+ 6. Nc3 Qa6 7. b3 d5 8. cxd5 cxd5
9. O-O Nc6 10. Ne5 Be6 11. Nxc6 Qxc6 12. Bb2 O-O 13. Rc1 Qd7 14. Qd3 Bh3 15. Qb5
Bxg2 16. Kxg2 Rfd8 17. Qxd7 Rxd7 18. e3 Ne8 19. Na4 b6 20. Rc6 b5 21. Nc5 Rd6 22.
Rxd6 Nxd6 23. Rc1 Rc8 24. Na6 Rxc1 25. Bxc1 e6 26. Ba3 Ne4 27. Bc5 Nxc5 28. Nxc5
e5 29. dxe5 Bxe5 30. Nd3 Bd6 31. Kf3 f6 32. e4 d4 33. Ke2 Kf7 34. Ne1 Ke6 35. Nf3
Bc5 36. Kd3 f5 37. Nxd4+ Ke5 38. f4+ Kf6 39. e5+ Ke7 40. Nxb5 Bg1 41. Nd4 h6 42.
Nf3 Bf2 43. Kc4 Be3 44. Nh4 Bg1 45. Nxg6+ Kf7 46. Nh4 Bxh2 47. Nxf5 h5 48. Kd5 h4
49. e6+ Kf6 50. e7  1-0

[Event "Olomouc Chess Summer 2023 - D2"]
[Site "Olomouc (CZE), Hotel Flora"]
[Date "2023.08.19"]
[Round "9"]
[Board "2"]
[White "Glatt, Gabor"]
[Black "Bartos, Alois"]
[Result "0-1"]
[WhiteElo "2220"]
[BlackElo "1884"]
[PlyCount "0"]
[EventDate "2023.08.12"]
[EventRounds "9"]
[EventCountry "CZE"]

1. e4 c5 2. Nf3 d6 3. d4 cxd4 4. Nxd4 Nf6 5. Nc3 Nc6 6. Bg5 e6 7. Qd2 Be7 8. O-O-O
a6 9. f4 Qc7 10. Be2 O-O 11. Rhe1 h6 12. Bxf6 Bxf6 13. Nf3 Rd8 14. Qe3 Bd7 15. g4
b5 16. g5 hxg5 17. fxg5 Be5 18. Nxe5 Nxe5 19. Rd4 Nc6 20. Rd2 b4 21. Nd1 Ne5 22.
Qd4 Qa5 23. Kb1 Bb5 24. b3 Bxe2 25. Rexe2 Nf3 26. Qe3 Nxd2+ 27. Rxd2 Qe5 28. h4 d5
29. exd5 Rxd5 30. Rxd5 Qxd5 31. Nf2 Rd8 32. Nd3 Qh1+ 33. Kb2 Qxh4  0-1

[Event "Olomouc Chess Summer 2023 - D2"]
[Site "Olomouc (CZE), Hotel Flora"]
[Date "2023.08.19"]
[Round "9"]
[Board "3"]
[White "Sejkora, Vlastimil"]
[Black "Kudrlicka, Ladislav"]
[Result "1-0"]
[WhiteElo "2139"]
[BlackElo "1993"]
[PlyCount "0"]
[EventDate "2023.08.12"]
[EventRounds "9"]
[EventCountry "CZE"]

1. c4 e6 2. g3 d5 3. b3 Nf6 4. Bb2 Nbd7 5. Bg2 c6 6. Nf3 Bd6 7. d3 e5 8. O-O O-O
9. cxd5 Nxd5 10. Nbd2 f6 11. Nc4 Bb4 12. Qc2 Re8 13. e4 N5b6 14. d4 exd4 15. Nxd4
Ne5 16. Ne3 Qe7 17. h3 Qc5 18. Qe2 Bc3 19. Rac1 Qxd4 20. Rxc3 Qb4 21. f4 Nf7 22.
Nc2 Qe7 23. Ba3 Qe6 24. Nd4 Qd7 25. Rd1 Nd5 26. Rcc1 Qc7 27. Qf2 Ne7 28. Bb4 Qb6
29. Bc5 Qa5 30. Qc2 Qc7 31. Qf2 Nd8 32. b4 b6 33. Bxe7 Qxe7 34. a3 Bd7 35. Qd2 Rc8
36. Kh2 c5 37. Ne2 Ba4 38. Re1 Nf7 39. Nc3 Bc6 40. bxc5 Qxc5 41. Qb2 Nd6 42. Ne2
Qa5 43. Nd4 Bb7 44. Rxc8 Rxc8 45. Rc1 Rxc1 46. Qxc1 Qc5 47. Qe3 Nc4 48. Qd3 Kf7 49.
Nf5 Bc8 50. Qxc4+  1-0

[Event "Olomouc Chess Summer 2023 - D2"]
[Site "Olomouc (CZE), Hotel Flora"]
[Date "2023.08.19"]
[Round "9"]
[Board "4"]
[White "Briza, Jiri"]
[Black "Lorenc, Oldrich"]
[Result "0-1"]
[WhiteElo "1830"]
[BlackElo "2043"]
[PlyCount "0"]
[EventDate "2023.08.12"]
[EventRounds "9"]
[EventCountry "CZE"]

1. e4 g6 2. Nf3 Bg7 3. d4 d6 4. Bc4 Nf6 5. Nc3 O-O 6. O-O Nxe4 7. Bxf7+ Rxf7 8. Nxe4
Nc6 9. c3 h6 10. Be3 Bg4 11. Qd2 Bxf3 12. gxf3 e5 13. Kh1 Qh4 14. Rg1 Rxf3 15. Ng3
exd4 16. cxd4 Raf8 17. Rg2 Nxd4 18. Rag1 R3f7 19. Rf1 Nf3 20. Qd5 Be5 21. Nf5 Qh3
22. Rxg6+ Bg7 23. Rxg7+ Kh8 24. Rg2 Nxh2 25. Qd4+ Rf6 26. Qh4 Qxh4 27. Nxh4 Nxf1
28. Bd4 Kh7 29. Kg1 Nd2 30. f3 Nc4 31. Nf5 Rg6  0-1

[Event "Olomouc Chess Summer 2023 - D2"]
[Site "Olomouc (CZE), Hotel Flora"]
[Date "2023.08.19"]
[Round "9"]
[Board "6"]
[White "Heppell, Ian N"]
[Black "Fiser, Jiri"]
[Result "1/2-1/2"]
[WhiteElo "1946"]
[BlackElo "1821"]
[PlyCount "0"]
[EventDate "2023.08.12"]
[EventRounds "9"]
[EventCountry "CZE"]

1. e4 c5 2. Nf3 Nc6 3. c3 d6 4. d4 Nf6 5. Bd3 e5 6. O-O Be7 7. Nbd2 O-O 8. h3 a6
9. dxc5 dxc5 10. Nc4 Qc7 11. a4 b6 12. Qe2 h6 13. Be3 Bb7 14. Na3 Na5 15. Nd2 Rfd8
16. Rfd1  1/2-1/2

[Event "Olomouc Chess Summer 2023 - D2"]
[Site "Olomouc (CZE), Hotel Flora"]
[Date "2023.08.19"]
[Round "9"]
[Board "7"]
[White "Brousek, Jiri"]
[Black "Novotny, Jaroslav"]
[Result "1/2-1/2"]
[WhiteElo "1792"]
[BlackElo "1919"]
[PlyCount "0"]
[EventDate "2023.08.12"]
[EventRounds "9"]
[EventCountry "CZE"]

1. d4 d5 2. Nf3 Nf6 3. e3 c5 4. c4 e6 5. Nc3 cxd4 6. exd4 Nc6 7. c5 Be7 8. Bb5 O-O
9. O-O Nd7 10. Re1 Bf6 11. Bf4 Re8 12. Bxc6 bxc6 13. Qa4 Bb7 14. Re3 Qc8 15. Rae1
h6 16. h3 Kh7 17. Qc2+ Kg8 18. b4 a6 19. a4 Rd8 20. a5 Kh8 21. Na4 Rg8 22. Ne5 Bxe5
23. Bxe5 Nxe5 24. Nb6 Qf8 25. Rxe5 Rd8 26. f4 g6 27. Qe2 Qg7  1/2-1/2